Statistiche per Numeri 1-100 in 15 secondi

Clicka qui per fare il quiz!

Statistiche generali

  • Questo quiz è stato fatto 1.634 volte
  • Il punteggio medio è 21 su 100

Statistiche sulle risposte

Number% Corretto
1
100%
2
98%
3
97%
4
96%
5
95%
6
94%
7
93%
8
92%
9
91%
10
86%
11
83%
12
79%
13
77%
14
76%
15
73%
16
71%
17
69%
18
66%
19
64%
20
55%
21
50%
22
46%
23
40%
24
36%
25
34%
26
32%
27
30%
28
27%
29
26%
30
21%
31
18%
32
17%
33
14%
34
12%
35
11%
36
10%
37
9%
38
9%
39
8%
40
5%
41
4%
42
4%
43
3%
44
2%
45
2%
46
1%
47
1%
48
1%
49
1%
50
1%
51
1%
100
0%
52
0%
53
0%
54
0%
55
0%
56
0%
57
0%
58
0%
59
0%
60
0%
61
0%
62
0%
63
0%
64
0%
65
0%
66
0%
67
0%
68
0%
69
0%
70
0%
71
0%
72
0%
73
0%
74
0%
75
0%
76
0%
77
0%
78
0%
79
0%
80
0%
81
0%
82
0%
83
0%
84
0%
85
0%
86
0%
87
0%
88
0%
89
0%
90
0%
91
0%
92
0%
93
0%
94
0%
95
0%
96
0%
97
0%
98
0%
99
0%

Distribuzione punteggi

Percentile per numero di risposta

Percentuale di utenti per punteggio

I tuoi punteggi nel tempo

Non hai fatto questo quiz